| 000 | 00644nam a2200217 a 4500 | ||
|---|---|---|---|
| 005 | 20250619063852.0 | ||
| 008 | 050512s2002 000 eng d | ||
| 020 | _a8439709919 | ||
| 035 | _aUPN01000138965 | ||
| 049 | _aCG | ||
| 050 | 4 |
_aQP360 _bR3.2 |
|
| 100 | 1 |
_aRatey, John J., _d1948- |
|
| 245 | 1 | 3 |
_aEl cerebro : _bmanual de instrucciones / _cJohn J. Ratey ; tr. Juan Pedro Campos. |
| 260 |
_aBarcelona, Esp. : _bMondadori, _c2002. |
||
| 300 |
_a506 p. : _bil. |
||
| 440 | 0 | _aArena abierta | |
| 534 |
_pTraducción : _tA user´s guide to the brain |
||
| 650 | 4 |
_aNeuropsicología _910531 |
|
| 650 | 4 |
_aCerebro _95053 |
|
| 905 | _aLibro | ||
| 999 |
_c111113 _d111113 |
||